000 00830nmm a2200313 a 4500
003 AR-BaBNM
005 20251128205101.0
008 236019s1975 ||||||||||||||000 | spa||
020 _a340-16343-7
040 _cAR-BaBNM
245 1 0 _aSocial education and social understanding
260 _aLondres
_bUniversity of London Press
_c1975
300 0 _a128 p.
504 _aBibliografía: p. 119-125
650 4 _aCURRICULO
650 4 _aSOCIALIZACION
650 4 _aCURRICULO INTEGRADO
650 4 _aTEORIAS DE LA EDUCACION
651 4 _aReino Unido
653 0 _aEDUCACION SECUNDARIA
700 1 _aElliot, John
_eeditor
700 1 _aPring, Richard
_eeditor
700 1 _aSockett, Hugh
700 1 _aBridges, David
700 1 _aScrimshaw, Peter
700 1 _aBailey, Charles
942 _cBK
998 _csilvi
999 _c9917
_d9917